000 00368nam a2200145Ia 4500
008 240624s9999 xx 000 0 und d
041 _aeng
082 _a300.72 BAB
100 _aBABBIE EARL
245 _aPRACTICE OF SOCIAL RESEARCH
250 _a(13th ed.)
260 _c2014
_aNew Delhi
_bRawat Publishing
300 _axxiii, : 584 : p. : cm. ; 26
365 _cRS
999 _c28157
_d28157